[Event "Superettan(Kamraterna-Manhem I)"]
[Site "?"]
[Date "2014.02.22"]
[Round "6"]
[White "Outgajjouft, Said"]
[Black "Andersson, Johan"]
[Result "1-0"]
[WhiteElo "2172"]
[BlackElo "2214"]
[PlyCount "103"]

1. e4 d6 2. f4 Nf6 3. Nc3 d5 4. e5 d4 5. exf6 dxc3 6. fxg7 cxd2+ 7. Qxd2 Qxd2+
8. Bxd2 Bxg7 9. O-O-O Bf5 10. Be3 Nc6 11. Bd3 Bg4 12. Be2 h5 13. Nf3 O-O 14. a3
Bf6 15. h3 Bf5 16. Nd4 Nxd4 17. Bxd4 Bxd4 18. Rxd4 h4 19. Bg4 Bxg4 20. hxg4
Rfd8 21. Re4 Rd7 22. g5 e6 23. Rxh4 Rad8 24. b3 Rd2 25. Rg4 Rf2 26. Rc4 c6 27.
Rc3 Rdd2 28. g3 Kg7 29. Rh4 Rg2 30. Rh1 Kg6 31. Rh6+ Kg7 32. a4 Rde2 33. Rh1
Rd2 34. Re1 Kg6 35. a5 Rd5 36. a6 b6 37. Re5 Rd6 38. Ree3 Kf5 39. Red3 Rg1+ 40.
Kb2 Rd1 41. Rxd1 Rxd1 42. Rxc6 Rd7 43. Rc8 e5 44. Rb8 e4 45. Re8 Rd5 46. b4 b5
47. Re7 Rd6 48. Rxf7+ Kg4 49. Re7 Kf3 50. f5 e3 51. f6 e2 52. f7 1-0

[Event "Superettan(Kamraterna-Manhem I)"]
[Site "?"]
[Date "2014.02.22"]
[Round "6"]
[White "Eriksson, Magnus"]
[Black "Bengtsson, Jessica"]
[Result "1/2-1/2"]
[WhiteElo "2127"]
[BlackElo "2100"]
[PlyCount "93"]

1. Nf3 d5 2. g3 Nf6 3. Bg2 e6 4. O-O Be7 5. d4 O-O 6. c4 dxc4 7. Qc2 a6 8. a4
Bd7 9. Ne5 Bc6 10. Nxc6 Nxc6 11. e3 Na5 12. Nd2 Nd5 13. Nxc4 c6 14. Bd2 Nb4 15.
Qc3 Nxc4 16. Qxc4 a5 17. Rfd1 Qb6 18. e4 Rfd8 19. Be3 Qa6 20. Rac1 Qxc4 21.
Rxc4 g6 22. b3 Rd7 23. d5 cxd5 24. exd5 Nxd5 25. Bxd5 exd5 26. Rcd4 Rad8 27.
R4d3 d4 28. Rxd4 Rxd4 29. Rxd4 Rxd4 30. Bxd4 Kf8 31. Kf1 Ke8 32. Bc3 Bd8 33.
Ke2 Kd7 34. Kd3 Kc6 35. Kc4 Bc7 36. h3 h5 37. g4 hxg4 38. hxg4 Bd8 39. Be5 Bb6
40. f3 Bd8 41. Bg7 Be7 42. Bc3 Bd8 43. Be5 Bb6 44. Bf6 Bc7 45. Be7 Bb6 46. Bf8
Be3 47. Be7 1/2-1/2

[Event "Superettan(Limhamn II-Manhem II)"]
[Site "?"]
[Date "2014.02.22"]
[Round "6"]
[White "Andersson, Goran"]
[Black "Tadjerbashi, Amir"]
[Result "0-1"]
[WhiteElo "2234"]
[BlackElo "2230"]
[PlyCount "44"]

1. e4 e5 2. Nf3 Nc6 3. Bb5 a6 4. Ba4 Nf6 5. O-O Be7 6. Re1 b5 7. Bb3 O-O 8. c3
d5 9. exd5 Nxd5 10. Nxe5 Nxe5 11. Rxe5 c6 12. d4 Bd6 13. Re1 Qh4 14. g3 Qh3 15.
Be3 Bg4 16. Qd3 Rae8 17. Nd2 Re6 18. a4 Qh5 19. axb5 axb5 20. Bd1 Nxe3 21. fxe3
Bxg3 22. hxg3 Rh6 0-1

[Event "Superettan(Limhamn II-Manhem II)"]
[Site "?"]
[Date "2014.02.22"]
[Round "6"]
[White "Mansson, Peter"]
[Black "Pettersson, Anders"]
[Result "1-0"]
[WhiteElo "2228"]
[BlackElo "2103"]
[PlyCount "55"]

1. e4 e5 2. Nf3 Nc6 3. Nc3 Nf6 4. Bb5 Bc5 5. Nxe5 Bxf2+ 6. Kxf2 Nxe5 7. d4 Ng6
8. e5 c6 9. Bd3 Nd5 10. Nxd5 cxd5 11. Qf3 Qh4+ 12. g3 Qxd4+ 13. Be3 Qa4 14. Bc5
Qc6 15. Bd6 b6 16. c4 Bb7 17. Rhe1 b5 18. c5 Nf8 19. a4 b4 20. Qg4 Ne6 21. Qxb4
a6 22. Qh4 g5 23. Qh6 O-O-O 24. b4 Nd4 25. b5 axb5 26. axb5 Nxb5 27. Bxb5 Qxb5
28. Reb1 1-0

[Event "Superettan(Limhamn II-Manhem II)"]
[Site "?"]
[Date "2014.02.22"]
[Round "6"]
[White "Bengtsson, Jonas"]
[Black "Holst, Conny"]
[Result "1/2-1/2"]
[WhiteElo "2162"]
[BlackElo "2261"]
[PlyCount "85"]

1. d4 d6 2. Nf3 Nf6 3. c4 g6 4. Nc3 Bg7 5. e4 O-O 6. Be2 c5 7. O-O cxd4 8. Nxd4
Nc6 9. Be3 Bd7 10. Qd2 Nxd4 11. Bxd4 Qa5 12. Bd3 Rfc8 13. a3 a6 14. b4 Qd8 15.
Rac1 Be6 16. Qe2 Nd7 17. Bxg7 Kxg7 18. Nd5 Ne5 19. f4 Bxd5 20. exd5 Nxd3 21.
Qxd3 Qb6+ 22. c5 dxc5 23. bxc5 Qf6 24. Rc4 Rc7 25. Rfc1 Rac8 26. Qe4 Qf5 27.
Qe5+ f6 28. Qxf5 gxf5 29. Kf2 Rd7 30. c6 bxc6 31. dxc6 Rd6 32. c7 Kf7 33. R1c3
Rd7 34. Rc6 Ke8 35. Rxa6 Rcxc7 36. Ra8+ Kf7 37. Rxc7 Rxc7 38. a4 Rc2+ 39. Kg3
Ra2 40. a5 Ra3+ 41. Kh4 Ra2 42. Kh3 Ra3+ 43. Kh4 1/2-1/2

[Event "Superettan(Limhamn II-Manhem II)"]
[Site "?"]
[Date "2014.02.22"]
[Round "6"]
[White "Wakeham, Daniel"]
[Black "Bergre, Joachim"]
[Result "1-0"]
[WhiteElo "2081"]
[BlackElo "2035"]
[PlyCount "53"]

1. d4 g6 2. c4 Bg7 3. Nc3 d6 4. e4 Nd7 5. Be2 e5 6. d5 Ne7 7. g4 O-O 8. Be3 f5
9. f3 b6 10. Nh3 a5 11. Nf2 Kh8 12. g5 Nc5 13. h4 Bd7 14. Nd3 Nxd3+ 15. Qxd3
Be8 16. O-O-O f4 17. Bf2 Nc8 18. Bf1 Na7 19. Bh3 Bd7 20. h5 gxh5 21. Bxd7 Qxd7
22. Rxh5 Qf7 23. Rdh1 Qg6 24. Qf1 Kg8 25. Qh3 Rad8 26. Rxh7 Kf7 27. Qe6+ 1-0

[Event "Superettan(Limhamn II-Manhem II)"]
[Site "?"]
[Date "2014.02.22"]
[Round "6"]
[White "Lundstrom, Mattias"]
[Black "Nylen, Anders"]
[Result "0-1"]
[WhiteElo "2099"]
[BlackElo "2173"]
[PlyCount "90"]

1. e4 c5 2. Nf3 d6 3. d4 cxd4 4. Nxd4 Nf6 5. Nc3 a6 6. Be3 e5 7. Nb3 Be6 8. Be2
Be7 9. a4 Qc7 10. a5 Nbd7 11. O-O O-O 12. Nd5 Nxd5 13. exd5 Bf5 14. c4 h6 15.
Nd2 Bh7 16. b4 f5 17. f4 Bf6 18. Nb3 exf4 19. Bd4 g5 20. Bxf6 Rxf6 21. Nd4 Nf8
22. Rc1 Bg6 23. Kh1 Re8 24. Qd2 Rf7 25. c5 Rfe7 26. c6 Bf7 27. Bc4 Re5 28. cxb7
Qxb7 29. Nc6 Re3 30. b5 axb5 31. Rb1 Ra3 32. Bxb5 Ree3 33. a6 Qb6 34. a7 Rxa7
35. Nxa7 Qxa7 36. Bc6 Bh5 37. Rb7 Qa6 38. Rc1 Re5 39. Re1 Qa2 40. Qc3 f3 41.
Rg1 Qf2 42. g3 Bg4 43. Qb2 Qc5 44. h4 f2 45. Rf1 Be2 0-1

[Event "Superettan(Limhamn II-Manhem II)"]
[Site "?"]
[Date "2014.02.22"]
[Round "6"]
[White "Nurmi, Tommy"]
[Black "Uhlin, Ragnar"]
[Result "1-0"]
[WhiteElo "2064"]
[BlackElo "1860"]
[PlyCount "47"]

1. d4 Nf6 2. Nf3 d6 3. Bf4 g6 4. e3 Bg7 5. h3 O-O 6. Be2 c5 7. c3 b6 8. O-O Bb7
9. Nbd2 Nc6 10. Bh2 Rc8 11. a4 Nd7 12. Qb3 Qc7 13. Qa2 a5 14. Rad1 cxd4 15.
exd4 Nd8 16. Rfe1 Nf6 17. Bf1 h6 18. Nh4 Kh7 19. Bd3 Nd5 20. Qb1 e6 21. Nc4 e5
22. dxe5 dxe5 23. Nxe5 Bxe5 24. Bxg6+ 1-0

[Event "Superettan(Limhamn II-Manhem II)"]
[Site "?"]
[Date "2014.02.22"]
[Round "6"]
[White "Kenani, Dariush"]
[Black "Hansen, Anders"]
[Result "1/2-1/2"]
[WhiteElo "2077"]
[BlackElo "2035"]
[PlyCount "128"]
[EventDate "2014.??.??"]

1. e4 d6 2. d4 Nf6 3. Nc3 e5 4. dxe5 dxe5 5. Qxd8+ Kxd8 6. Bg5 Be6 7. f4 exf4
8. e5 h6 9. Bxf4 Nfd7 10. Nf3 Nc6 11. O-O-O a6 12. h3 Be7 13. g4 Kc8 14. Bd3
Nc5 15. Bf5 g6 16. Bxe6+ Nxe6 17. Be3 Bg5 18. Bxg5 hxg5 19. Ne4 b6 20. c3 Kb7
21. Rd7 Raf8 22. Kc2 Kc8 23. Nf6 a5 24. b3 Nc5 25. Rd2 Ne6 26. a3 Rd8 27. Nd5
Nf4 28. Nxf4 gxf4 29. Re2 Rde8 30. Re4 f6 31. Rxf4 fxe5 32. Rf6 Rhf8 33. Rxc6
Rxf3 34. Rxg6 Rd8 35. Rh2 Rdd3 36. Rc6 Kd7 37. Rc4 Rxh3 38. Rxh3 Rxh3 39. b4
axb4 40. axb4 c6 41. Re4 Ke6 42. b5 Kd5 43. Rb4 c5 44. Ra4 e4 45. g5 Rg3 46.
Ra6 Rxg5 47. Rxb6 Re5 48. Rb8 Kc4 49. Kd2 e3+ 50. Ke2 Kxc3 51. b6 c4 52. Rc8
Rb5 53. Rc6 Kd4 54. Re6 c3 55. Rc6 Rb2+ 56. Ke1 c2 57. b7 Rxb7 58. Rxc2 Kd3 59.
Rc1 Rb2 60. Rd1+ Ke4 61. Rd8 Kf3 62. Rf8+ Ke4 63. Re8+ Kf3 64. Rf8+ Ke4 1/2-1/2

[Event "Superettan(Limhamn II-Manhem II)"]
[Site "?"]
[Date "2014.02.22"]
[Round "6"]
[White "Nilsson, Patrik"]
[Black "Bergstrom, Lars"]
[Result "0-1"]
[WhiteElo "2080"]
[BlackElo "1828"]
[PlyCount "104"]

1. e4 e5 2. Nf3 Nc6 3. d4 exd4 4. Bc4 Nf6 5. e5 d5 6. Bb5 Ne4 7. Nxd4 Bc5 8.
Nxc6 Bxf2+ 9. Kf1 Qh4 10. Nd4+ c6 11. Nf3 Ng3+ 12. Kxf2 Ne4+ 13. Ke3 Qf2+ 14.
Kd3 Bf5 15. Nd4 Bg6 16. Rf1 Qxg2 17. Ke3 cxb5 18. Qf3 Qxh2 19. Qf4 Qh3+ 20. Rf3
Qg2 21. Rf1 O-O 22. Nc3 Nxc3 23. bxc3 Rae8 24. Ba3 Rc8 25. Bb4 Rfe8 26. Rf2
Qh3+ 27. Rf3 Qh5 28. Bd6 Rxc3+ 29. Kd2 Rc4 30. Raf1 b4 31. R1f2 Qh1 32. Rf1 Qh6
33. Qxh6 Rxd4+ 34. Kc1 gxh6 35. R1f2 Rc4 36. Kb2 Rec8 37. e6 fxe6 38. Rf8+ Rxf8
39. Rxf8+ Kg7 40. Rb8 Kf6 41. Rxb7 a5 42. Be7+ Ke5 43. Ra7 Rxc2+ 44. Kb3 a4+
45. Kxb4 Rxa2 46. Kc5 Rc2+ 47. Kb4 Rc4+ 48. Ka3 h5 49. Bb4 h4 50. Rxa4 h3 51.
Ra6 Rxb4 52. Kxb4 h2 0-1

[Event "Superettan(Schack 08-Solna)"]
[Site "?"]
[Date "2014.02.22"]
[Round "6"]
[White "Karlsson, Tomas"]
[Black "Renman, Nils-Gustaf"]
[Result "1/2-1/2"]
[WhiteElo "2329"]
[BlackElo "2386"]
[PlyCount "93"]

1. e4 e6 2. d4 d5 3. Nd2 Be7 4. Bd3 dxe4 5. Nxe4 Nf6 6. Nf3 Nbd7 7. O-O Nxe4 8.
Bxe4 O-O 9. Ne5 Nxe5 10. dxe5 Qxd1 11. Rxd1 f5 12. exf6 gxf6 13. Bh6 Rf7 14.
Rd2 Bd6 15. c4 f5 16. Bf3 Rf6 17. Bg5 Rg6 18. h4 h6 19. Bh5 Rxg5 20. hxg5 hxg5
21. g4 b6 22. gxf5 exf5 23. Bf3 Rb8 24. Bc6 Be6 25. Bd5 Kf7 26. Re2 Bxd5 27.
cxd5 Rd8 28. Rd1 Bf4 29. Rc2 a5 30. Rc6 Re8 31. Kf1 Bd6 32. Rc2 Kf6 33. Rdd2 g4
34. Re2 Re5 35. Rxe5 Kxe5 36. Rd2 Ke4 37. Ke2 f4 38. Rd1 Bc5 39. Rh1 g3 40.
fxg3 fxg3 41. Rh4+ Kxd5 42. Rg4 Bd6 43. Kd3 b5 44. b3 c5 45. a4 b4 46. Rg6 Bf4
47. Rg4 1/2-1/2

[Event "Superettan(Schack 08-Solna)"]
[Site "?"]
[Date "2014.02.22"]
[Round "6"]
[White "Rosberg, Simon"]
[Black "Jonsson, Mikael"]
[Result "1/2-1/2"]
[WhiteElo "2252"]
[BlackElo "2355"]
[PlyCount "88"]

1. Nf3 d5 2. g3 Nc6 3. d4 Nf6 4. Bg2 Bf5 5. O-O e6 6. c4 dxc4 7. Qa4 Qd7 8.
Qxc4 Be4 9. Nc3 Na5 10. Qb5 Qxb5 11. Nxb5 Nd5 12. Bd2 Nc6 13. Rfc1 a6 14. Nc3
Nxc3 15. Bxc3 Rg8 16. Nd2 Bxg2 17. Kxg2 O-O-O 18. Nb3 Rd7 19. e4 Be7 20. Rd1
Rgd8 21. Rd2 f5 22. Re1 Bf8 23. Rde2 g6 24. Nc5 Bxc5 25. dxc5 Rd1 26. h4 Rxe1
27. Rxe1 Rd3 28. h5 Kd7 29. hxg6 hxg6 30. Rh1 fxe4 31. Rh7+ Kc8 32. Rg7 e3 33.
fxe3 Rxe3 34. Rxg6 Ne7 35. Rg7 Nd5 36. Kf2 Re4 37. Bd2 Rc4 38. g4 Rxc5 39. g5
Rc2 40. Ke1 Rxb2 41. g6 Rb1+ 42. Kf2 Rb2 43. Ke1 Rb1+ 44. Kf2 Rb2 1/2-1/2

[Event "Superettan(Schack 08-Solna)"]
[Site "?"]
[Date "2014.02.22"]
[Round "6"]
[White "Johansson, Gunnar"]
[Black "Laveryd, Peter"]
[Result "1/2-1/2"]
[WhiteElo "2291"]
[BlackElo "2437"]
[PlyCount "92"]

1. d4 d6 2. Nf3 Bg4 3. c4 Bxf3 4. exf3 g6 5. Nc3 Bg7 6. Be3 e6 7. d5 exd5 8.
cxd5 Ne7 9. Be2 O-O 10. O-O Nf5 11. Bf4 Nd7 12. Qd2 Nf6 13. Bd3 Nd4 14. Be3 c5
15. dxc6 Nxc6 16. Rad1 Qa5 17. Bc4 Rfd8 18. Bg5 Rd7 19. Rfe1 Qf5 20. Nd5 Nxd5
21. Bxd5 Nd4 22. Be4 Qb5 23. Be3 Ne6 24. b3 d5 25. Bd3 Qc6 26. Bh6 Bc3 27. Bb5
Bxd2 28. Bxc6 bxc6 29. Rxd2 a5 30. f4 c5 31. f5 gxf5 32. Re5 Rad8 33. Rxf5 a4
34. Bg5 Nxg5 35. Rxg5+ Kf8 36. h4 axb3 37. axb3 f6 38. Rf5 Kg7 39. Rd3 Rd6 40.
g4 R8d7 41. Kg2 h6 42. Kg3 Kg6 43. f3 Rd8 44. Rh5 R8d7 45. Rf5 Rd8 46. Rh5 R8d7
1/2-1/2

[Event "Superettan(Schack 08-Solna)"]
[Site "?"]
[Date "2014.02.22"]
[Round "6"]
[White "Ingbrant, Johan"]
[Black "Landgren, Andreas"]
[Result "0-1"]
[WhiteElo "2430"]
[BlackElo "2285"]
[PlyCount "54"]

1. Nf3 d5 2. c4 d4 3. b4 f6 4. e3 dxe3 5. fxe3 e5 6. c5 Bg4 7. Bc4 e4 8. Qc2
exf3 9. Qe4+ Ne7 10. Qxg4 fxg2 11. Qxg2 Nbc6 12. d4 Nxd4 13. exd4 Qxd4 14. Qc2
O-O-O 15. Bb2 Qh4+ 16. Kf1 Nc6 17. Qf5+ Kb8 18. Na3 Ne5 19. Bxe5 fxe5 20. Ke2
g6 21. Qf3 Bh6 22. Rhd1 Qxh2+ 23. Qf2 Qh5+ 24. Qf3 Qg5 25. Bd5 Rhf8 26. Qh3 e4
27. Bxe4 Rd2+ 0-1

[Event "Superettan(Schack 08-Solna)"]
[Site "?"]
[Date "2014.02.22"]
[Round "6"]
[White "Lindborg, Petter"]
[Black "Schutz, Ingemar"]
[Result "1/2-1/2"]
[WhiteElo "2246"]
[BlackElo "2238"]
[PlyCount "100"]

1. d4 Nf6 2. c4 g6 3. Nc3 Bg7 4. e4 d6 5. h3 O-O 6. Be3 c5 7. d5 a6 8. a4 e6 9.
Bd3 exd5 10. exd5 Re8 11. Nf3 Bh6 12. O-O Bxe3 13. fxe3 Rxe3 14. Qd2 Re7 15.
Ng5 Nbd7 16. Qf4 Re5 17. Nce4 Qe7 18. Nxf6+ Qxf6 19. Qxf6 Nxf6 20. Rxf6 Rxg5
21. Kh2 Bf5 22. Bxf5 Rxf5 23. Rxd6 Re8 24. Rb6 Re2 25. Rxb7 Rff2 26. Rg1 Rxb2
27. Rc7 Rbc2 28. Rxc5 Rf4 29. Rd1 Rcxc4 30. Rxc4 Rxc4 31. d6 Rc8 32. d7 Rd8 33.
Rd6 Kf8 34. a5 Ke7 35. Rxa6 Rxd7 36. Rb6 Rd3 37. a6 Ra3 38. Kg1 h5 39. h4 f6
40. Kf2 g5 41. hxg5 fxg5 42. Rb7+ Kf6 43. a7 h4 44. Rh7 Kf5 45. Rb7 g4 46. Rb5+
Ke6 47. Rb6+ Kd5 48. Rb7 Ke4 49. Rb4+ Kf5 50. Rb5+ Kf4 1/2-1/2

[Event "Superettan(Schack 08-Solna)"]
[Site "?"]
[Date "2014.02.22"]
[Round "6"]
[White "Faldt, Magnus"]
[Black "Lundvik, Jonas"]
[Result "0-1"]
[WhiteElo "2159"]
[BlackElo "2238"]
[PlyCount "60"]

1. d4 Nf6 2. c4 e6 3. Nc3 Bb4 4. Qc2 d5 5. e3 O-O 6. Nf3 c5 7. Bd2 cxd4 8. exd4
Nc6 9. a3 Be7 10. c5 e5 11. dxe5 Ng4 12. b4 a5 13. b5 Ncxe5 14. Nxe5 Nxe5 15.
Na4 Re8 16. O-O-O Bg4 17. f3 Be6 18. Nb6 Bxc5 19. Qxc5 Nd7 20. Qd4 Qxb6 21. Bc3
Qxd4 22. Bxd4 Nc5 23. Kb2 Rac8 24. Rd2 a4 25. Bxc5 Rxc5 26. Be2 Rec8 27. Rhd1
Kf8 28. g4 Rc3 29. Bd3 Rb3+ 30. Ka2 Rcc3 0-1

[Event "Superettan(Schack 08-Solna)"]
[Site "?"]
[Date "2014.02.22"]
[Round "6"]
[White "Wallgren, Ulf"]
[Black "Stenman, Christoffer"]
[Result "1-0"]
[WhiteElo "2105"]
[BlackElo "2000"]
[PlyCount "59"]

1. d4 Nf6 2. c4 e5 3. dxe5 Ng4 4. e3 Nxe5 5. f4 Nec6 6. Nf3 Bc5 7. a3 a5 8. Nc3
d6 9. Bd3 h6 10. O-O O-O 11. Kh1 Na6 12. Bd2 Ba7 13. Bc2 Re8 14. Nd5 Bd7 15. b4
axb4 16. axb4 Ne7 17. e4 c6 18. Nxe7+ Qxe7 19. Bc3 Nc7 20. Rxa7 Rxa7 21. Qd4
Qf6 22. e5 c5 23. bxc5 dxe5 24. Qxd7 Qd8 25. Qg4 Qc8 26. Bf5 Ne6 27. Bxe5 g6
28. Bxg6 fxg6 29. Qxg6+ Kf8 30. Bd6+ 1-0

[Event "Superettan(Schack 08-Solna)"]
[Site "?"]
[Date "2014.02.22"]
[Round "6"]
[White "Arvidsson, Tomas"]
[Black "Bjarnehag, Peter"]
[Result "0-1"]
[WhiteElo "1962"]
[BlackElo "2208"]
[PlyCount "72"]

1. e4 c5 2. Nc3 Nc6 3. g3 g6 4. Bg2 Bg7 5. f4 d6 6. d3 e6 7. Be3 Nge7 8. Nf3
Nd4 9. O-O O-O 10. Qd2 Rb8 11. Nd1 b6 12. Nh4 d5 13. c3 Ndc6 14. Kh1 Bb7 15. f5
exf5 16. exf5 Nxf5 17. Nxf5 gxf5 18. Rxf5 d4 19. Bh6 Ne7 20. Rh5 Bxg2+ 21. Kxg2
Qd6 22. Bxg7 Kxg7 23. Qg5+ Kh8 24. Qh4 Qg6 25. cxd4 Nf5 26. Qh3 Nxd4 27. Nf2 f5
28. Re1 Rbe8 29. Rxe8 Rxe8 30. Rh6 Qg7 31. Rd6 Qb7+ 32. Kf1 Nf3 33. Ne4 Nd2+
34. Kg1 Nxe4 35. Qxf5 Nxd6 36. Qf6+ Qg7 0-1

[Event "Superettan(Orebro-Kungstornet)"]
[Site "?"]
[Date "2014.02.22"]
[Round "6"]
[White "Lyrberg, Patrik"]
[Black "Zetterberg, Staffan"]
[Result "1-0"]
[WhiteElo "2548"]
[BlackElo "2298"]
[PlyCount "53"]
[EventDate "2014.??.??"]

1. c4 Nf6 2. Nc3 c5 3. g3 d5 4. cxd5 Nxd5 5. Bg2 Nc7 6. a3 e5 7. b4 Nc6 8. b5
Nd4 9. Rb1 Be7 10. e3 Nf5 11. Nge2 O-O 12. O-O Rb8 13. Qa4 a6 14. b6 Nb5 15.
Nd5 Be6 16. Qc4 Rc8 17. f4 Nfd6 18. Qa2 Bf5 19. fxe5 Bxb1 20. Qxb1 Nc4 21. a4
Nxb6 22. Nxb6 Qxb6 23. Nf4 Qc7 24. axb5 axb5 25. Qf5 b6 26. Nd5 Qd8 27. Bb2 1-0

[Event "Superettan(Orebro-Kungstornet)"]
[Site "?"]
[Date "2014.02.22"]
[Round "6"]
[White "Drugge, Patrick"]
[Black "Larsson, Anders"]
[Result "1/2-1/2"]
[WhiteElo "2237"]
[BlackElo "2339"]
[PlyCount "81"]

1. e4 e6 2. d4 d5 3. exd5 exd5 4. Nf3 Be7 5. c4 Nf6 6. Nc3 O-O 7. cxd5 Nxd5 8.
Bc4 Nb6 9. Bd3 Nc6 10. Be4 Bf6 11. Be3 Re8 12. h3 Be6 13. O-O Nd5 14. Qd3 h6
15. a3 Nce7 16. Rac1 c6 17. b4 Nxc3 18. Rxc3 Bd5 19. Nd2 Bxe4 20. Nxe4 Nd5 21.
Nxf6+ Qxf6 22. Rc5 a6 23. Rc2 Re6 24. Re2 Rae8 25. Rfe1 Qe7 26. Kf1 b5 27. Qb3
Kh8 28. Qd3 Qd6 29. Kg1 Kg8 30. Bc1 Nb6 31. Rxe6 Rxe6 32. Rxe6 Qxe6 33. Qg3 Nd5
34. Be3 Kh7 35. Kh2 Qe4 36. Qd6 Qe6 37. Qg3 Nf6 38. Qc7 Nd5 39. Qg3 Qg6 40. Qe5
Qf6 41. Qe4+ 1/2-1/2

[Event "Superettan(Orebro-Kungstornet)"]
[Site "?"]
[Date "2014.02.22"]
[Round "6"]
[White "Henriksson, Johan"]
[Black "Blomstrom, Lars"]
[Result "1-0"]
[WhiteElo "2295"]
[BlackElo "2186"]
[PlyCount "97"]
[EventDate "2014.??.??"]

1. d4 Nf6 2. Nf3 g6 3. g3 Bg7 4. Bg2 O-O 5. O-O d6 6. c4 Nbd7 7. Nc3 e5 8. b3
exd4 9. Nxd4 Re8 10. Bb2 c6 11. Qc2 Nc5 12. Rad1 a5 13. h3 Qb6 14. Kh2 a4 15.
Bc1 axb3 16. axb3 Nfd7 17. Be3 Qb4 18. Na2 Qa3 19. Nc1 Ne5 20. Qd2 f5 21. Nc2
Nxb3 22. Qc3 Ng4+ 23. hxg4 Bxc3 24. Nxa3 Rxa3 25. Nxb3 Rxb3 26. Rd3 Ra3 27. Bc1
Rb3 28. Bd2 Bxd2 29. Rxb3 fxg4 30. e3 Ba5 31. Ra1 Bc7 32. Ra7 Bb8 33. Ra8 Bc7
34. Rxb7 Bxb7 35. Rxe8+ Kf7 36. Bxc6 Ba5 37. Bb5 h5 38. Rb8 Bf3 39. Ba4 Bc3 40.
Rc8 Bb4 41. Bc6 Be2 42. Bd5+ Kg7 43. Rc7+ Kf6 44. Rf7+ Ke5 45. Re7+ Kf6 46.
Re6+ Kg7 47. Be4 Bxc4 48. Rxg6+ Kf8 49. Rg5 1-0

[Event "Superettan(Orebro-Kungstornet)"]
[Site "?"]
[Date "2014.02.22"]
[Round "6"]
[White "Selimian, Hrayr"]
[Black "Holmquist, Gunnar"]
[Result "0-1"]
[WhiteElo "2090"]
[BlackElo "2230"]
[PlyCount "72"]

1. d4 Nf6 2. c4 e6 3. g3 c5 4. d5 exd5 5. cxd5 d6 6. Bg2 g6 7. Nc3 Bg7 8. Nf3
O-O 9. O-O Re8 10. Nd2 Nbd7 11. e4 Ne5 12. Qc2 a6 13. a4 Nh5 14. Ne2 f5 15. h3
Bd7 16. f4 Nf7 17. Kh2 Nf6 18. Nc3 b5 19. axb5 axb5 20. Rxa8 Qxa8 21. e5 dxe5
22. fxe5 Rxe5 23. Nf3 Re8 24. Ng5 b4 25. Ne6 bxc3 26. Nc7 Qa2 27. Nxe8 Bxe8 28.
Qf2 Nxd5 29. Qxc5 cxb2 30. Bxb2 Qxb2 31. Qxd5 Be5 32. Rf3 Qd4 33. Qe6 Kf8 34.
h4 Qxh4+ 35. Kg1 Qd4+ 36. Kh2 Ng5 0-1

[Event "Superettan(Orebro-Kungstornet)"]
[Site "?"]
[Date "2014.02.22"]
[Round "6"]
[White "Wikner, Arvid"]
[Black "Jonsson, Krister"]
[Result "1-0"]
[WhiteElo "2294"]
[BlackElo "2141"]
[PlyCount "45"]

1. e4 e6 2. d4 d5 3. exd5 exd5 4. Nf3 Bd6 5. c4 c6 6. Nc3 Ne7 7. cxd5 cxd5 8.
Bd3 Nbc6 9. O-O Bg4 10. Re1 Qd7 11. Nxd5 Bxh2+ 12. Kxh2 Qxd5 13. Be4 Qh5+ 14.
Kg1 O-O 15. Qb3 Rad8 16. Qxb7 Rd7 17. Qa6 Nb4 18. Qa4 Nbd5 19. Ne5 Rd6 20. Qa3
Rfd8 21. Nxg4 Qxg4 22. Bxd5 Nxd5 23. Qxd6 1-0

[Event "Superettan(Orebro-Kungstornet)"]
[Site "?"]
[Date "2014.02.22"]
[Round "6"]
[White "Sparv, Joakim"]
[Black "Palmblad, Jan Peter"]
[Result "0-1"]
[WhiteElo "1975"]
[BlackElo "2225"]
[PlyCount "112"]

1. d4 d5 2. c4 e6 3. Nf3 c5 4. e3 Nf6 5. Be2 Nc6 6. O-O a6 7. b3 cxd4 8. exd4
Ne4 9. Be3 Be7 10. Ne5 f6 11. Nxc6 bxc6 12. f3 Nd6 13. Nc3 a5 14. Bd3 O-O 15.
Qc2 f5 16. Rfe1 f4 17. Bf2 Nf5 18. cxd5 cxd5 19. Nb5 Bd7 20. Qc7 Bb4 21. Re2
Bxb5 22. Qxd8 Rfxd8 23. Bxb5 Rab8 24. Bd3 Bc3 25. Rd1 Nxd4 26. Bxh7+ Kxh7 27.
Bxd4 Bxd4+ 28. Rxd4 Rd6 29. Rxf4 Rb4 30. Rxb4 axb4 31. Kf2 Kg6 32. Ke3 Rc6 33.
Rd2 Kf6 34. Rd4 Rb6 35. f4 Rb5 36. h4 Ra5 37. Rxb4 Rxa2 38. g3 Rc2 39. Rd4 Kf5
40. Rd2 Rc3+ 41. Rd3 Rc1 42. Kd2 Rb1 43. Kc2 Ra1 44. b4 Ke4 45. Rb3 Ra6 46. b5
Rb6 47. Kc3 g6 48. Kb4 d4 49. Kc5 Rb8 50. b6 d3 51. Kc6 d2 52. Rb1 Rc8+ 53. Kd7
Rc1 54. Rxc1 dxc1=Q 55. b7 Qb2 56. Kc8 Qc3+ 0-1

[Event "Superettan(Orebro-Kungstornet)"]
[Site "?"]
[Date "2014.02.22"]
[Round "6"]
[White "Azizi, Haroon"]
[Black "Skoog, Daniel"]
[Result "0-1"]
[WhiteElo "2191"]
[BlackElo "1946"]
[PlyCount "106"]

1. Nf3 c5 2. e4 e6 3. d3 d5 4. Nbd2 Nc6 5. g3 Bd6 6. Bg2 Nge7 7. O-O O-O 8. Re1
f6 9. c3 d4 10. Nc4 e5 11. a4 Be6 12. Nfd2 Na5 13. Nxd6 Qxd6 14. c4 b6 15. Nb1
Qd7 16. Na3 Rfb8 17. b3 Nc8 18. Bd2 Nc6 19. f4 Nd6 20. f5 Bf7 21. g4 a6 22. Qc2
Nb4 23. Bxb4 cxb4 24. Nb1 Nb7 25. Nd2 Nc5 26. Reb1 Rc8 27. Bf3 Rab8 28. Be2 b5
29. axb5 axb5 30. Ra5 bxc4 31. bxc4 Qc7 32. Ra2 Be8 33. Rab2 b3 34. Qc1 Na4 35.
Rxb3 Nc3 36. Rxc3 dxc3 37. Nb3 Qa7+ 38. Kf1 Qa2 39. Bd1 Qxh2 40. Qxc3 Qh1+ 41.
Kf2 Qh2+ 42. Ke1 Rd8 43. Rb2 Qg1+ 44. Kd2 Bc6 45. Be2 Bxe4 46. Nc1 Rxb2+ 47.
Qxb2 Qf2 48. Kc3 Qd4+ 49. Kc2 Qxc4+ 50. Kb1 Rxd3 51. Bxd3 Bxd3+ 52. Ka1 Qa4+
53. Na2 h6 0-1

[Event "Superettan(Orebro-Kungstornet)"]
[Site "?"]
[Date "2014.02.22"]
[Round "6"]
[White "Gummesson, Anton"]
[Black "Unander, Matts"]
[Result "0-1"]
[WhiteElo "1963"]
[BlackElo "2075"]
[PlyCount "62"]

1. e4 c5 2. Nf3 e6 3. d4 cxd4 4. Nxd4 a6 5. Nc3 Qc7 6. Be2 Bb4 7. O-O Nf6 8.
Qd3 O-O 9. f4 d6 10. Be3 Nbd7 11. Nb3 b5 12. a4 Bxc3 13. bxc3 Bb7 14. Bf3 bxa4
15. Rxa4 Rac8 16. Rb4 Ba8 17. c4 a5 18. Ra4 Nb6 19. Rxa5 Nxc4 20. Ra7 Qc6 21.
e5 Nd5 22. Bd4 Rc7 23. Be4 g6 24. Rxc7 Qxc7 25. exd6 Nxd6 26. Nc5 Nxe4 27. Nxe4
f5 28. Ng5 Nxf4 29. Qe3 Qxc2 30. Rf2 Qd1+ 31. Rf1 Qxd4 0-1

[Event "Superettan(Solna-Manhem I)"]
[Site "?"]
[Date "2014.03.07"]
[Round "7"]
[White "Hultin, Johan"]
[Black "Bergstrom, Christer"]
[Result "1-0"]
[WhiteElo "2377"]
[BlackElo "2377"]
[PlyCount "55"]
[SourceDate "2014.03.17"]

1. d4 Nf6 2. c4 e6 3. Nc3 Bb4 4. e3 c5 5. Nge2 cxd4 6. exd4 O-O 7. a3 Be7 8.
Nf4 b6 9. Bd3 Nc6 10. d5 Ne5 11. Be2 exd5 12. Ncxd5 Bb7 13. O-O Rc8 14. b3 Nxd5
15. Nxd5 Bxd5 16. cxd5 Qc7 17. Ba6 Rb8 18. f4 Ng6 19. a4 Rfe8 20. Ra2 Bc5+ 21.
Kh1 Re4 22. Re2 Rd4 23. Qe1 Rxd5 24. f5 Ne5 25. Bf4 d6 26. Bc4 Rd4 27. Rxe5
dxe5 28. Bxe5 1-0

[Event "Superettan(Solna-Manhem I)"]
[Site "?"]
[Date "2014.03.07"]
[Round "7"]
[White "Johansson, Gunnar"]
[Black "Moberg, Karl Johan"]
[Result "1/2-1/2"]
[WhiteElo "2291"]
[BlackElo "2344"]
[PlyCount "77"]
[EventDate "2014.??.??"]

1. d4 Nf6 2. c4 g6 3. Nc3 d5 4. cxd5 Nxd5 5. e4 Nxc3 6. bxc3 Bg7 7. Nf3 c5 8.
Be3 Qa5 9. Qd2 O-O 10. Rc1 cxd4 11. cxd4 Qxd2+ 12. Nxd2 e6 13. Bb5 Bd7 14. Bxd7
Nxd7 15. Rc7 Rfc8 16. Rxc8+ Rxc8 17. Ke2 f5 18. Rb1 b6 19. Kd1 Nf6 20. f3 fxe4
21. fxe4 Ng4 22. Bg1 Bh6 23. Rb3 Bxd2 24. Kxd2 Nf6 25. Ra3 Nxe4+ 26. Kd3 Nf6
27. Rxa7 Nd5 28. Bf2 Nb4+ 29. Ke4 Rc2 30. Bg3 Re2+ 31. Kf4 h6 32. a3 Nd5+ 33.
Kf3 Re3+ 34. Kf2 Rb3 35. Be5 Rb2+ 36. Kf3 Rb3+ 37. Kf2 Rb2+ 38. Kf3 Rb3+ 39.
Kf2 1/2-1/2